00461 a2200157 4500010001400000020002300014035001300037037001500050082000800065100002100073245006500094250001600159260004800175270005200223300002800275 aENG-86955 a8125919678c375.00 aEN-70488 bDBAD / PUB14a574 aAggarwal, Sarita aA text book of biology :cby Sarita Aggarwalbfor class XI / a5th rev. ed aNew DelhibMadhuban Educational Booksc2006 a576, Masjid Road, Jangpura,bNew Delhie110 014 a973p.c24cm (pbk)bill.